| 000 | 01169cam a2200277 a 4500 | ||
|---|---|---|---|
| 001 | 2087373 | ||
| 005 | 20080307104756.0 | ||
| 008 | 950504s1995 nyua b 001 0 eng | ||
| 010 | _a 95019429 | ||
| 020 | _a0387945555 | ||
| 040 |
_aDLC _cDLC _dDLC |
||
| 050 | 0 | 0 |
_aTP270 _b.S876 1995 |
| 082 | 0 | 0 |
_a662.2 _220 |
| 100 | 1 |
_aSuceska, Muhamed. _96813 |
|
| 245 | 1 | 0 |
_aTest Methods for Explosives / _cMuhamed Suceska. |
| 260 |
_aNew York : _bSpringer, _cc1995. |
||
| 300 |
_aix, 225 p. : _bill. ; _c25 cm. |
||
| 504 | _aIncludes bibliographical references (p. [216]-221) and index. | ||
| 650 | 0 |
_aExplosives. _96814 |
|
| 650 | 0 |
_aExplosions. _96815 |
|
| 856 | 4 | 2 |
_3Publisher description _uhttp://www.loc.gov/catdir/enhancements/fy0815/95019429-d.html |
| 856 | 4 | 1 |
_3Table of contents only _uhttp://www.loc.gov/catdir/enhancements/fy0815/95019429-t.html |
| 942 |
_2ddc _cBB |
||
| 999 |
_c12001 _d12001 |
||